000 00296nam a22001337a 4500
008 260223b ||||| |||| 00| 0 eng d
020 _a9951040433
041 _aeng
080 _a2.1
100 _a20.1
101 _aroman
245 _aTales From old Shkodra
_cRobert Elisie
942 _2lcc
_cBK
999 _c60841
_d60841